=LDR 00000nam 2200000 4500 =001 INLIS000000000018134 =005 20200511080041 =035 ##$$a 0010-061300000018134 =008 200511################g##########0#ind## =041 ##$$a Ind =082 ##$$a 2x4.126 =090 ##$$a 2x4.126, Kub i =100 ##$$a AlKubaisi, Ahmad Abdurrazaq =245 1#$$a I'tikaf penting dan perlu /$c Ahmad Abdurrazaq Al-Kubaisi ; penerjemah, A.M Basalamah =260 ##$$a Jakarta :$b Gema Insani,$c 1996 =300 ##$$a 119 hlm. ; $c 12x18 cm. =650 #4$$a Ibadah =850 ##$$a NBPNMAT =020 ##$$a 979-561-254-9 =084 ##$$a 2x4.126 ALK i =250 ##$$a cet.3 =990 ##$$a 20602516 =990 ##$$a 20602517 =990 ##$$a 20602518 =990 ##$$a 20602519 =990 ##$$a 113.182 pro.97 =990 ##$$a 113.183 pro.97 =990 ##$$a 03040304 =990 ##$$a 94.595/Pro-1996 =990 ##$$a 20602516 =990 ##$$a 20602517 =990 ##$$a 20602518 =990 ##$$a 20602519 =990 ##$$a 113.182 pro.97 =990 ##$$a 113.183 pro.97